| 000 | 00669nam a2200205 a 4500 | ||
|---|---|---|---|
| 001 | 000022437 | ||
| 005 | 20200930021624.0 | ||
| 008 | 101011s2000 dr a 001 0 spa d | ||
| 020 | _a9500714493 | ||
| 040 |
_aDO-SdBNP _bspa _cBNPHU |
||
| 100 | 1 |
_aSquirru, Ludovica _946250 |
|
| 245 | 1 | 3 |
_aEl libro del destino : _bastrología maya / _cLudovica Squirru, Carlos Barrios. |
| 250 | _a2a ed. | ||
| 260 |
_aBuenos Aires, Argentina : _bEditorial Sudamericana, _c2000. |
||
| 300 |
_a348 p. : _bil. ; _c23 cm. |
||
| 500 | _aIncluye datos biográficos de los autores en la solapa | ||
| 504 | _aBibliografía : p. 347-348 | ||
| 700 | 1 |
_aBarrios, Carlos _946251 |
|
| 049 | _aBNPD | ||
| 999 |
_c21935 _d21935 |
||